Central Library OPAC University of Rajshahi

The captive / (Record no. 23545)

MARC details
000 -LEADER
fixed length control field 00648nam a22002297a 4500
001 - CONTROL NUMBER
control field 23545
003 - CONTROL NUMBER IDENTIFIER
rucl marc code BD-RjUL
005 - DATE AND TIME OF LATEST TRANSACTION
control field 20251210110042.0
008 - FIXED-LENGTH DATA ELEMENTS--GENERAL INFORMATION
fixed length control field 140311s1968 enka|||| |||| 00| 0 eng d
035 ## - SYSTEM CONTROL NUMBER
System control number (BD-RjUL)23545
040 ## - CATALOGING SOURCE
Original cataloging agency BD-RjUL
Language of cataloging eng
Transcribing agency BD-RjUL
Modifying agency BD-RjUL
041 ## - LANGUAGE CODE
Language code of text/sound track or separate title eng
082 04 - DEWEY DECIMAL CLASSIFICATION NUMBER
Classification number 843.7
Author mark and year PRC 1968
100 1# - MAIN ENTRY--PERSONAL NAME
Personal name Proust, Marcel
9 (RLIN) 72465
245 14 - TITLE STATEMENT
Title The captive /
Statement of responsibility, etc. by Marcel Proust
260 ## - PUBLICATION, DISTRIBUTION, ETC. (IMPRINT)
Place of publication, distribution, etc. London :
Name of publisher, distributor, etc. Chatto & windus,
Date of publication, distribution, etc. 1968.
300 ## - PHYSICAL DESCRIPTION
Pagination v. :
Illustrations illus. ;
Size 18 cm.
505 01 - FORMATTED CONTENTS NOTE
Formatted contents note Vol.1--V.2--
651 #0 - SUBJECT ADDED ENTRY--GEOGRAPHIC NAME
Geographic name France
General subdivision Social life and customs
-- Fiction
9 (RLIN) 63767
700 1# - ADDED ENTRY--PERSONAL NAME
Personal name Moncrieff, C.K. Scott
942 ## - ADDED ENTRY ELEMENTS (KOHA)
Source of classification or shelving scheme Dewey Decimal Classification
Koha item type Books
Holdings
Lost status Source of classification or shelving scheme Damaged status Not for loan Collection code Permanent Location Current Location Shelving location Date acquired Source of acquisition Cost, normal purchase price Full call number Date last seen Copy number Koha item type Total Checkouts
  Dewey Decimal Classification   Not For Loan Fiction Central Library, University of Rajshahi Central Library, University of Rajshahi Reading Room 27/02/1973 Black well 2.50 843.7 PRC V-2 1968 11/03/2014 C-1 Books  
  Dewey Decimal Classification   Not For Loan Fiction Central Library, University of Rajshahi Central Library, University of Rajshahi Reading Room 27/02/1973 B.H. Blackwell 2.50 843.7 PRC V-1 1967 10/12/2025 C-1 Books  
  Dewey Decimal Classification     Fiction Central Library, University of Rajshahi Central Library, University of Rajshahi General Stacks 08/08/1972 Book Centre 13.75 843.7 PRC V-1 1968 04/01/2026 C-2 Books